000 01060cad a22002535a 4500
001 E151275
008 101013s2008 xxk f 100 0 eng d
020 _a9781842194348
035 _a(Sirsi) u151275
041 0 _aeng
100 1 _aGeminiani, F. L.
111 2 _aConstruction and Building Research Conference
_cDublin Institute of Technology, Dublin
_d4-5 September 2008
245 0 4 _aThe effectiveness of the Department of Labour (DoL) Occupational Health and Safety (OH&S) Inspectorate relative to the construction industry in South Africa
_h[electronic resource]
260 _aLondon
_bRICS
_c2008
520 _aA paper presented at the COBRA Conference 2008 in Dublin.
590 _aKA
650 2 4 _aCONSTRUCTION AND BUILDING RESEARCH CONFERENCE (COBRA)
651 4 _aSouth Africa
690 _aMANAGEMENT-HEALTH AND SAFETY
700 1 _aSmallwood, J. J.
700 1 _aWyk, J. J. van
856 4 0 _uhttps://www.rics.org/site/scripts/download_info.aspx?fileID=3155&categoryID=525
_zView the item free of charge at www.rics.org
942 _n0
999 _c111273
_d111273